Test de Rapidité - Lettre "G" - Statistiques

Statistiques générales
  • Ce quiz a été pris 1 028 fois
  • Le résultat moyen est 93 sur 100
Statistiques - réponses
Lettre "G" % Correct
G
100%
G
99%
G
99%
G
99%
G
99%
G
99%
G
99%
G
99%
G
99%
G
99%
G
99%
G
99%
G
99%
G
98%
G
98%
G
98%
G
98%
G
98%
G
98%
G
98%
G
98%
G
98%
G
98%
G
98%
G
98%
G
97%
G
97%
G
97%
G
97%
G
97%
G
97%
G
97%
G
97%
G
97%
G
97%
G
97%
G
97%
G
97%
G
96%
G
96%
G
96%
G
96%
G
96%
G
96%
G
96%
G
96%
G
96%
G
96%
G
96%
G
96%
G
95%
G
95%
G
95%
G
95%
G
95%
G
95%
G
95%
G
95%
G
95%
G
95%
G
95%
G
95%
G
95%
G
95%
G
94%
G
94%
G
94%
G
94%
G
94%
G
93%
G
93%
G
92%
G
92%
G
92%
G
91%
G
91%
G
91%
G
90%
G
90%
G
89%
G
89%
G
88%
G
87%
G
87%
G
86%
G
85%
G
85%
G
84%
G
84%
G
83%
G
81%
G
80%
G
80%
G
79%
G
78%
G
77%
G
76%
G
75%
G
73%
G
71%
Aucun quiz correspondant
Distribution des résultats
% des personnes avec chaque résultat
Percentile par nombre de réponses
Votre historique - résultats
Vous n’avez pas pris ce quiz